000 00413nam a22001337a 4500
999 _c528297
_d528297
003 NUST
038 _amsohail
082 _a628.95
_bAAS
100 _a American Association of State Highway and Transportation Officials
_920005
245 _aGuides for Bicycle Routes
260 _aWashington
_b American Association of State Highway and Transportation Officials
_c1974
300 _a45,p:
_c25cm
942 _2ddc
_cBK